000 00486nam a2200181Ia 4500
999 _c11170
_d11170
003 OSt
005 20191231111535.0
008 190216s9999||||xx |||||||||||||| ||und||
020 _a9789380618456
040 _coclc
082 _a338
_bDEE/B
100 _aDeepashree
_9530
245 0 _aBusiness Economics /
_cDeepashree
260 _bAne Books India,
_c2011.
_aNew Delhi:
300 _a259p
650 _aEconomics
942 _cBK
_2ddc
_h338
_iDEE/B
_k338
_mDEE/B